Niger czy Nigeria? - Statystyki

Ogólne statystyki
  • Ten quiz został rozwiązany 740 razy
  • Średni wynik to 7 z 10
Statystyki odpowiedzi
Zagadnienie Odpowiedź % Poprawnych
Którego kraju liczba ludności jest większa? Nigru czy Nigerii? Nigerii!
91%
Który kraj ma dostęp do morza lub oceanu? Niger czy Nigeria? Nigeria!
87%
Stolicą którego kraju jest Niamey? Nigru czy Nigerii? Nigru!
87%
Którego kraju gęstość zaludnienia jest większa? Nigru czy Nigerii? Nigerii!
83%
Który kraj ma dłuższą granicę z Czadem? Niger czy Nigeria? Niger!
78%
Którego kraju językiem urzędowym jest francuski? Nigru czy Nigerii? Nigru!
78%
Który kraj sąsiaduje z czterema krajami? Niger czy Nigeria? Nigeria!
48%
Który kraj ma większą powierzchnię? Niger czy Nigeria? Niger!
39%
Walutą którego kraju jest naira? Nigru czy Nigerii? Nigerii!
35%
Który kraj jest dłużej niepodległy? Niger czy Nigeria? Niger!
30%
Nie znaleziono quizów pasujących do podanych kryteriów
Rozkład punktacji
Procent ludzi z każdym wynikiem
Percentyl według liczby udzielonych odpowiedzi
Twoja historia wyników
Nie rozwiązałeś tego quizu